The 2003 US invasion of Iraq : a just war perspective /
Saved in:
| Main Author: | |
|---|---|
| Format: | Thesis |
| Language: | English |
| Published: |
Gombak, Selangor :
Kulliyyah of Islamic Revealed Knowledge and Human Sciences, International Islamic University Malaysia,
2009
|
| Subjects: | |
| Online Access: | http://studentrepo.iium.edu.my/handle/123456789/6905 |
| Tags: |
Add Tag
No Tags, Be the first to tag this record!
|
| LEADER | 020760000a22004090004500 | ||
|---|---|---|---|
| 001 | 480927 | ||
| 005 | 20230420101133.0 | ||
| 008 | 100506t2009 my g 000 0 eng d | ||
| 035 | |a (Sirsi) 480927 | ||
| 040 | |a UIAM |b eng | ||
| 043 | |a a-iq--- n-us--- | ||
| 050 | 0 | 0 | |a DS79.76 |
| 100 | 1 | |a H.M. Latiff Bin K.M. Haneefa |9 113456 | |
| 245 | 1 | 4 | |a The 2003 US invasion of Iraq : |b a just war perspective / |c by H.M. Latiff Bin K.M. Haneefa |
| 260 | |a Gombak, Selangor : |b Kulliyyah of Islamic Revealed Knowledge and Human Sciences, International Islamic University Malaysia, |c 2009 | ||
| 300 | |a xii, 122 leaves ; |c 30 cm. | ||
| 336 | |2 rdacontent | ||
| 337 | |2 rdamedia | ||
| 338 | |2 rdacarrier | ||
| 500 | |a Abstract in English and Arabic. | ||
| 500 | |a "A dissertation submitted in partial fulfilment of the requirements for the degree of Master of Human Sciences (Political Science)."--On t.p. | ||
| 502 | |a Thesis (MHSPS)--International Islamic University Malaysia, 2009. | ||
| 504 | |a Includes bibliographical references (leaves 116-122). | ||
| 650 | 0 | |a Iraq War, 2003- |9 36352 | |
| 651 | 0 | |a Iraq |x History |y 2003- |9 11329 | |
| 651 | 0 | |a United States |x Military relations |z Iraq |9 113457 | |
| 651 | 0 | |a Iraq |x Military relations |z United States |9 113458 | |
| 655 | 0 | 7 | |a Theses, IIUM local |
| 690 | 0 | |a Dissertations, Academic |x Department of Political Science |z IIUM |9 9136 | |
| 710 | 2 | |a International Islamic University Malaysia. |b Department of Political Science | |
| 856 | 4 | |u http://studentrepo.iium.edu.my/handle/123456789/6905 | |
| 900 | |a hj-ajt-hm | ||
| 942 | |2 lcc |n 0 | ||
| 999 | |c 434272 |d 463991 | ||
| 952 | |0 0 |6 LU T DS79.76H677T 2009 |7 0 |8 THESES |9 755928 |a IIUM |b IIUM |c CLOSEACCES |g 0.00 |o lu t DS79.76H677T 2009 |p 00011147101 |r 2017-10-24 |t 1 |v 0.00 |y THESIS | ||
| 952 | |0 0 |6 T DS 000079.76 H677T 2009 |7 0 |8 THESES |9 756026 |a IIUM |b IIUM |c MULTIMEDIA |g 0.00 |o t DS79.76H677T 2009 |p 00011274910 |r 2017-10-19 |t 2 |v 0.00 |y THESIS | ||
| 952 | |0 0 |6 TS CDF DS79.76H677T 2009 |7 0 |8 THESES |9 837839 |a IIUM |b IIUM |c MULTIMEDIA |g 0.00 |o ts cdf DS79.76H677T 2009 |p 11100325716 |r 2017-10-26 |t 1 |v 0.00 |y THESISDIG | ||
